Sociology for Nursing and Health Sciences (Record no. 158547)

MARC details
000 -LEADER
fixed length control field 00406nam a2200145Ia 4500
008 - FIXED-LENGTH DATA ELEMENTS--GENERAL INFORMATION
fixed length control field 230411s9999 xx 000 0 und d
020 ## - INTERNATIONAL STANDARD BOOK NUMBER
International Standard Book Number 978-93-5152-616-2
041 ## - LANGUAGE CODE
Language code of text/sound track or separate title eng
082 ## - DEWEY DECIMAL CLASSIFICATION NUMBER
Classification number SO/301/PUR/B09402
100 ## - MAIN ENTRY--PERSONAL NAME
Personal name Purushothama GS
9 (RLIN) 178901
245 ## - TITLE STATEMENT
Title Sociology for Nursing and Health Sciences
260 ## - PUBLICATION, DISTRIBUTION, ETC. (IMPRINT)
Name of publisher, distributor, etc. Jaypee Brothers
Place of publication, distribution, etc. New Delhi
Date of publication, distribution, etc. 2015
300 ## - PHYSICAL DESCRIPTION
Extent 284p
Holdings
Withdrawn status Lost status Damaged status Not for loan Collection code Home library Current library Date acquired Vendor Cost, normal purchase price Bill number Shelving control number Total Checkouts Full call number Barcode Date last seen Date last checked out Cost, replacement price Bill Date Koha item type Original Barcode
          Smt. Bakul Tambat Institute of Nursing Education Smt. Bakul Tambat Institute of Nursing Education 14/09/2020 S.K.Kothari,Pune. 350.00 558/2019-20 2 4 SO 301 PUR B09402 BTIN-BK-9402 04/06/2025 02/06/2025 238.00 11/03/2020 Books B09402
          Smt. Bakul Tambat Institute of Nursing Education Smt. Bakul Tambat Institute of Nursing Education 14/09/2020 S.K.Kothari,Pune. 350.00 558/2019-20 2 7 SO 301 PUR B09403 BTIN-BK-9403 03/12/2025 03/12/2025 238.00 11/03/2020 Books B09403